ბათუმის შოთა რუსთაველის სახელმწიფო უნივერსიტეტის ბიბლიოთეკა

პოემები (ბიბ.ჩანაწერი № 42909)

000 -LEADER
fixed length control field 00554nam a2200205Ia 4500
001 - CONTROL NUMBER
control field 9625
003 - CONTROL NUMBER IDENTIFIER
control field GE_BSU
008 - FIXED-LENGTH DATA ELEMENTS--GENERAL INFORMATION
fixed length control field 181216s||||||||xx |||||||||||||| ||und||
040 ## - CATALOGING SOURCE
Transcribing agency GE_BSU
080 ## - UNIVERSAL DECIMAL CLASSIFICATION NUMBER
Universal Decimal Classification number 821.353.1-11
100 ## - MAIN ENTRY--PERSONAL NAME
Personal name მჭედლიშვილი,იოსებ
245 ## - TITLE STATEMENT
Title პოემები
245 ## - TITLE STATEMENT
Statement of responsibility, etc. რედ:ი.ლისაშვილი
260 ## - PUBLICATION, DISTRIBUTION, ETC.
Place of publication, distribution, etc. თბილისი.
260 ## - PUBLICATION, DISTRIBUTION, ETC.
Name of publisher, distributor, etc. ფედერაცია
260 ## - PUBLICATION, DISTRIBUTION, ETC.
Date of publication, distribution, etc. 1940
300 ## - PHYSICAL DESCRIPTION
Extent 98გვ;17სმ.
653 ## - INDEX TERM--UNCONTROLLED
Uncontrolled term პოემები
942 ## - ADDED ENTRY ELEMENTS (KOHA)
Koha item type წიგნი
ეგზემპლარები
Withdrawn status Lost status Damaged status Not for loan Date acquired Barcode Date last seen Price effective from Koha item type
        2018-12-17 32628 2018-12-17 2018-12-17 წიგნი
        2018-12-17 32629 2018-12-17 2018-12-17 წიგნი
        2018-12-17 32630 2018-12-17 2018-12-17 წიგნი
        2018-12-17 32631 2018-12-17 2018-12-17 წიგნი
        2018-12-17 32632 2018-12-17 2018-12-17 წიგნი
        2018-12-17 32627 2018-12-17 2018-12-17 წიგნი
        2018-12-17 32633 2018-12-17 2018-12-17 წიგნი